| 000 | 00474nam a2200205Ia 4500 | ||
|---|---|---|---|
| 008 | 170918s9999 xx 000 0 und d | ||
| 020 | _a9780545259088 | ||
| 050 | _bS855 2011 | ||
| 100 | _aStiefvater, Maggie | ||
| 245 | _aForever / | ||
| 245 | _cby Maggie Stiefvater. | ||
| 250 | _aFirst edition. | ||
| 260 | _aNew York : | ||
| 260 | _bScholastic, | ||
| 260 | _c2011 | ||
| 300 | _a390 pages : | ||
| 300 | _billustrations ; | ||
| 300 | _c22cm. | ||
| 500 | _a770 | ||
| 999 |
_c343360 _d343360 |
||